Under the shadow of man-eaters : (Record no. 130736)

MARC details
000 -LEADER
fixed length control field 00735nam a22002297a 4500
005 - DATE AND TIME OF LATEST TRANSACTION
control field 20170124110116.0
010 ## - LIBRARY OF CONGRESS CONTROL NUMBER
LC control number B-059954
020 ## - INTERNATIONAL STANDARD BOOK NUMBER
Terms of availability 00.00
International Standard Book Number 8125020209
035 ## - SYSTEM CONTROL NUMBER
System control number B-059954
037 ## - SOURCE OF ACQUISITION
Source of stock number/acquisition Cen Lib/Ret
040 ## - CATALOGING SOURCE
Original cataloging agency DPL
Language of cataloging EN
082 ## - DEWEY DECIMAL CLASSIFICATION NUMBER
Classification number 921
Item number JAL
100 ## - MAIN ENTRY--PERSONAL NAME
Personal name Jaleel, Jerry A.
9 (RLIN) 29975
245 ## - TITLE STATEMENT
Title Under the shadow of man-eaters :
Statement of responsibility, etc by Jerry A. Jaleel
Remainder of title the life and legend of Jim Corbett of Kumaon /
260 ## - PUBLICATION, DISTRIBUTION, ETC. (IMPRINT)
Place of publication, distribution, etc New Delhi
Name of publisher, distributor, etc Orient Longman
Date of publication, distribution, etc 2001
270 ## - ADDRESS
City New Delhi
Address 1/24, Asaf Ali Road
Postal code 110002
300 ## - PHYSICAL DESCRIPTION
Extent xvii,225p. :
Dimensions 23cm(Hb)
Other physical details ill.
500 ## - GENERAL NOTE
General note Includes index
650 ## - SUBJECT ADDED ENTRY--TOPICAL TERM
Topical term or geographic name as entry element Corbett, Jim, -- 1875-1955
9 (RLIN) 28522
650 ## - SUBJECT ADDED ENTRY--TOPICAL TERM
Topical term or geographic name as entry element Tiger hunting -- India
9 (RLIN) 29976
942 ## - ADDED ENTRY ELEMENTS (KOHA)
Source of classification or shelving scheme Dewey Decimal Classification
Koha item type English Books
Classification part 921
Call number suffix JAL
Holdings
Withdrawn status Lost status Damaged status Not for loan Home library Current library Date acquired Source of acquisition Cost, normal purchase price Total Checkouts Full call number Barcode Date last seen Copy number Cost, replacement price Price effective from Koha item type Public note
Written off       Central Library Central Library 10/07/2015 Cen Lib/Ret 0.00   921 JAL B-059954 10/07/2015 1 0.00 10/07/2015 English Books Written off on approval by DLB (By Circulation); dtd 15-06-2023

© Delhi Public Library
Hit Counter
free hit counter